000
00228 a2200097 4500
001
50969
100
_a
Rice R John
245
_a
Numerical Methods Software Analysis
260
_a
London
_b
McGraw-Hill
_c
090
_c
32269
_d
32269
942
_a
NUST-CAE
_c
M
_c
24746
999
_c
286042
_d
286042